| 000 | 00578nam a22002052 4500 | ||
|---|---|---|---|
| 001 | 0000019081 | ||
| 005 | 20151217152144.0 | ||
| 008 | 100908s xx 000 0 eng d | ||
| 020 | _a0800636937 : | ||
| 040 |
_aKABU _cKABU |
||
| 100 | 1 |
_aSloyan, Gerard S. _@0000178693 |
|
| 245 | 1 | 0 |
_aWhy Jesua died / _cGerard S. Sloyan. |
| 250 | _aFacets ed. | ||
| 260 |
_aMinneapolis : _bFortress, _c1995. |
||
| 300 | _av, 154 p. | ||
| 600 | 1 | 0 |
_aJesus Christ _xBiography. _@0000149365 |
| 852 | 1 | _9p200 KES | |
| 908 | _a100908 | ||
| 950 | _@1 | ||
| 999 |
_c8807 _d8807 |
||